Teoría de juegos y derecho contemporáneo : temas selectos /
Compilación de estudios en los que se aplica la teoría de juegos no cooperativos al derecho tales como la dinámica de las reformas constitucionales, la planeación fiscal, las estrategias en litigios arbitrales y jurisdiccionales. Este campo de aplicación reciente utiliza esta teoría matemática que s...
Enregistré dans:
| Auteur principal: | |
|---|---|
| Autres auteurs: | , , , |
| Format: | Livre |
| Langue: | espagnol |
| Publié: |
México :
Porrúa : Instituto Tecnológico Autónomo de México,
2009, c2009
|
| Collection: | (Temas Selectos de Derecho Contemporáneo)
|
| Sujets: | |
| Tags: |
Pas de tags, Soyez le premier à ajouter un tag!
|
MARC
| LEADER | 00000nam^a2200000^a^4500 | ||
|---|---|---|---|
| 001 | 000297011 | ||
| 005 | 20250521000000.0 | ||
| 009 | 20260310112324.733 | ||
| 020 | |a 978-607-9-00031-8 | ||
| 037 | |a Acervo ITESO - Biblioteca | ||
| 041 | |a ESP | ||
| 082 | |a 340. 15193 |b CAN | ||
| 100 | |a Cano del Valle, Mauricio |e (comp.) | ||
| 245 | 1 | 0 | |a Teoría de juegos y derecho contemporáneo : |b temas selectos / |c Comp. de M. Cano del Valle, C. Mena Labarthe, J. Sadka ; pról. de F. Parisi, E. Baffi. |
| 264 | 4 | |a México : |b Porrúa : |b Instituto Tecnológico Autónomo de México, |c 2009, c2009 | |
| 300 | |a XXVIII, 386 p. | ||
| 336 | |a texto |b txt |2 rdacontenido | ||
| 337 | |a sin mediación |b n |2 rdamedio | ||
| 338 | |a volumen |b nc |2 rdasoporte | ||
| 440 | 1 | |a (Temas Selectos de Derecho Contemporáneo) | |
| 520 | |a Compilación de estudios en los que se aplica la teoría de juegos no cooperativos al derecho tales como la dinámica de las reformas constitucionales, la planeación fiscal, las estrategias en litigios arbitrales y jurisdiccionales. Este campo de aplicación reciente utiliza esta teoría matemática que se ha aplicado con éxito al análisis económico para aplicarlo a los sistemas jurídicos. | ||
| 546 | |a Contiene algunos artículos en inglés | ||
| 649 | |a XX | ||
| 650 | |a Toma de Decisiones | ||
| 650 | |a Teoría de Juegos - |x Tema Principal | ||
| 650 | |a Matemáticas | ||
| 650 | |a Derecho - |x Metodología - |x Tema Principal | ||
| 650 | |a Ciencias Sociales - |x Metodología | ||
| 700 | |a Mena Labarthe, Carlos |e (comp.) | ||
| 700 | |a Sadka, Joyce |e (comp.) | ||
| 700 | |a Parisi, Alberto |e (pról.) | ||
| 700 | |a Baffi , Enrico |e (pról.) | ||
| 910 | |a Fondo General | ||
| 920 | |a Impresos - Libros | ||
| 930 | |a Colección General | ||
| 905 | |a 101 | ||
| 901 | |a 0500182994 |b IT1 |c ACC |i C121074 |u 20250521 | ||
| 902 | |a https://opac.biblio.iteso.mx/vufind/Record/000297011 | ||